| 000 | 01644cam a2200421 a 4500 | ||
|---|---|---|---|
| 001 | 16951341 | ||
| 003 | OSt | ||
| 005 | 20231205143933.0 | ||
| 008 | 110908s2011 ii 001 0 eng | ||
| 010 | _a 2011311643 | ||
| 016 | 7 |
_a015841000 _2Uk |
|
| 020 | _a9780198074083 (hbk.) | ||
| 020 | _a0198074085 (hbk.) | ||
| 025 | _aI-E-2011-311643; 62-92; 72-92 | ||
| 035 | _a(OCoLC)ocn733232138 | ||
| 037 | _bLibrary of Congress -- New Delhi Overseas Office | ||
| 040 |
_aDLC _beng _cDLC _dBTCTA _dDKAGE _dYDXCP _dCDX _dUAT _dUKMGB _dDLC |
||
| 042 |
_alcode _apcc |
||
| 043 | _aa-ii--- | ||
| 050 | 0 | 0 |
_aKNT7703 _b.N66 2011 |
| 082 | 0 | 4 |
_a342.546029 _bNOO/A |
| 100 | 1 |
_aNoorani, Abdul Gafoor Abdul Majeed, _d1930- _910040 |
|
| 245 | 1 | 0 |
_aArticle 370 : _ba constitutional history of Jammu and Kashmir / _cA.G. Noorani. |
| 246 | 3 | _aArticle three hundred seventy | |
| 246 | 3 | 0 | _aConstitutional history of Jammu and Kashmir |
| 260 |
_aNew Delhi : _bOxford University Press, _c2011. |
||
| 300 |
_axvi, 487 p. ; _c23 cm. |
||
| 500 | _aIncludes index. | ||
| 610 | 1 | 0 |
_aIndia. _tConstitution. _nArticle 370. |
| 650 | 0 |
_aConstitutional history _zIndia _zJammu and Kashmir. |
|
| 650 | 0 |
_aFederal government _zIndia _xHistory. |
|
| 651 | 0 |
_aJammu and Kashmir (India) _xPolitics and government. |
|
| 856 | 4 | 1 |
_3Table of contents only _uhttp://www.loc.gov/catdir/toc/fy12pdf02/2011311643.html |
| 906 |
_a7 _bcbc _ccopycat _d2 _encip _f20 _gy-gencatlg |
||
| 942 |
_2ddc _cBK _h342.546029 _iNOO/A _k342.546029 _mNOO/A |
||
| 999 |
_c43804 _d43804 |
||